Use of potentially antagonistic fungi to control some Hevea pathogens in vitro (Record no. 71906)

MARC details
000 -LEADER
fixed length control field 01012nam a2200145Ia 4500
100 ## - MAIN ENTRY--AUTHOR NAME
Personal name Jayasuriya K E
245 #0 - TITLE STATEMENT
Title Use of potentially antagonistic fungi to control some Hevea pathogens in vitro
260 ## - PUBLICATION, DISTRIBUTION, ETC. (IMPRINT)
Name of publisher Papers presented at IRRDB seminar 5-8 November 1996 Sri Lanka p22
520 ## - SUMMARY, ETC.
Summary, etc Fungi potentially antagonistic against Hevea pathogens were isolated from different sources and their antagonistic mechanisms against individual pathogens were studied. Basidiomycetes fungi viz. Tramates spp and some Coprophillus group fungi caused hyphal inhibition of R. lignosus by hyphal interference mechanism, similar to the control mechanism of Phlebiopsis gigantea (Peniophora gigantea), the commercial biocontrol agent of Heterobasidion anosum of pine. Trichoderma and Gliocladium spp antagonised most of the Hevea pathogens in paired cultures by antibiosis.
650 ## - SUBJECT ADDED ENTRY--TOPICAL TERM
Topical Term Antagonistic fungi
650 ## - SUBJECT ADDED ENTRY--TOPICAL TERM
Topical Term Hevea-Pathogens
650 ## - SUBJECT ADDED ENTRY--TOPICAL TERM
Topical Term Sri Lanka
942 ## - ADDED ENTRY ELEMENTS (KOHA)
Koha item type Journals
Holdings
Withdrawn status Lost status Damaged status Not for loan Home library Current library Shelving location Date acquired Koha item type
      Journals RRII Library RRII Library Pathology 17/12/2021 Journals